The nursing process : (Record no. 5790)

MARC details
000 -LEADER
fixed length control field 00912pam a2200301 a 4500
001 - CONTROL NUMBER
control field 1861357
003 - CONTROL NUMBER IDENTIFIER
control field OSt
005 - DATE AND TIME OF LATEST TRANSACTION
control field 20170404165916.0
008 - FIXED-LENGTH DATA ELEMENTS--GENERAL INFORMATION
fixed length control field 821108s1983 ctua b 001 0 eng
010 ## - LIBRARY OF CONGRESS CONTROL NUMBER
LC control number 82022629
020 ## - INTERNATIONAL STANDARD BOOK NUMBER
International Standard Book Number 083857033X (pbk.)
040 ## - CATALOGING SOURCE
Original cataloging agency DLC
Transcribing agency DLC
Modifying agency DLC
050 10 - LIBRARY OF CONGRESS CALL NUMBER
Classification number RT41
Item number .Y87 1983
060 ## - NATIONAL LIBRARY OF MEDICINE CALL NUMBER
Classification number WY 100 Y95n
082 ## - DEWEY DECIMAL CLASSIFICATION NUMBER
Classification number WY 100
Item number Y9n 1983
100 1# - MAIN ENTRY--PERSONAL NAME
Personal name Yura, Helen,
9 (RLIN) 12025
245 14 - TITLE STATEMENT
Title The nursing process :
Remainder of title assessing, planning, implementing, evaluating /
Statement of responsibility, etc. Helen Yura, Mary B. Walsh.
250 ## - EDITION STATEMENT
Edition statement 4th ed.
260 ## - PUBLICATION, DISTRIBUTION, ETC. (IMPRINT)
Place of publication, distribution, etc. Norwalk, Conn. :
Name of publisher, distributor, etc. Appleton-Century-Crofts,
Date of publication, distribution, etc. 1983.
300 ## - PHYSICAL DESCRIPTION
Extent xviii, 364 p. :
Other physical details ill. ;
Dimensions 23 cm.
500 ## - GENERAL NOTE
General note Includes index.
504 ## - BIBLIOGRAPHY, ETC. NOTE
Bibliography, etc Bibliography: p. 331-352.
650 #0 - SUBJECT ADDED ENTRY--TOPICAL TERM
Topical term or geographic name as entry element Nursing.
9 (RLIN) 135
650 #2 - SUBJECT ADDED ENTRY--TOPICAL TERM
Topical term or geographic name as entry element Nursing process.
9 (RLIN) 11629
700 1# - ADDED ENTRY--PERSONAL NAME
Personal name Walsh, Mary B.
9 (RLIN) 12026
906 ## - LOCAL DATA ELEMENT F, LDF (RLIN)
a 7
b cbc
c orignew
d 1
e ocip
f 19
g y-gencatlg
942 ## - ADDED ENTRY ELEMENTS (KOHA)
Source of classification or shelving scheme Other/Generic Classification Scheme
Koha item type Open Shelf
Holdings
Withdrawn status Lost status Source of classification or shelving scheme Damaged status Not for loan Home library Current library Date acquired Source of acquisition Inventory number Total Checkouts Full call number Barcode Date last seen Price effective from Koha item type
    Other/Generic Classification Scheme     MUST Main Library MUST Main Library 04/04/2017   147   WY 100 Y9n 1983 2017-0718 04/04/2017 04/04/2017 Open Shelf
    Other/Generic Classification Scheme     MUST Main Library MUST Main Library 04/04/2017   153   WY 100 Y9n 1983 2017-0719 04/04/2017 04/04/2017 Open Shelf
    Other/Generic Classification Scheme     MUST Main Library MUST Main Library 04/04/2017   138   WY 100 Y9n 1983 2017-0720 04/04/2017 04/04/2017 Open Shelf
    Other/Generic Classification Scheme     MUST Main Library MUST Main Library 05/04/2017   166   WY 100 Y9n 1983 2017-0757 05/04/2017 05/04/2017 Open Shelf